A03_市町村の人口×面積ランキングWORST100 - Statistics

General Stats
  • This quiz has been taken 26 times
  • The average score is 61 of 100
Answer Stats
順位 都道府
県名
人口×
面積
(万人*
km^2)
人口
(人)
面積
(km^2)
市町村名 % Correct
1 東京都 0.09 156 5.95 青ヶ島村
100%
10 富山県 1.14 3,299 3.47 舟橋村
95%
4 新潟県 0.32 323 9.78 粟島浦村
90%
3 東京都 0.13 314 4.04 利島村
86%
6 東京都 0.59 291 20.39 御蔵島村
86%
7 沖縄県 0.73 557 13.07 北大東村
86%
31 沖縄県 3.74 1,224 30.52 南大東村
86%
51 鹿児島県 6.74 666 101.15 十島村
86%
2 沖縄県 0.12 300 3.87 渡名喜村
81%
8 島根県 0.81 592 13.70 知夫村
81%
17 和歌山県 1.90 394 48.20 北山村
81%
18 沖縄県 1.97 1,274 15.43 伊是名村
81%
52 東京都 6.76 2,453 27.54 新島村
81%
11 大分県 1.23 1,757 6.99 姫島村
76%
12 沖縄県 1.30 675 19.23 渡嘉敷村
76%
14 鳥取県 1.52 3,620 4.20 日吉津村
76%
20 沖縄県 2.33 1,059 22.00 多良間村
76%
21 沖縄県 2.60 1,190 21.84 伊平屋村
76%
27 東京都 3.30 1,775 18.58 神津島村
76%
37 沖縄県 4.91 1,699 28.90 与那国町
76%
57 島根県 7.40 2,214 33.44 海士町
76%
77 沖縄県 9.75 4,295 22.70 伊江村
76%
89 奈良県 10.82 811 133.39 下北山村
76%
98 奈良県 12.07 440 274.22 上北山村
76%
9 鹿児島県 1.14 364 31.39 三島村
71%
13 沖縄県 1.46 870 16.74 座間味村
71%
19 長野県 2.05 473 43.43 売木村
71%
23 奈良県 2.64 6,502 4.06 三宅町
71%
24 長野県 2.90 375 77.37 平谷村
71%
28 山梨県 3.37 639 52.78 小菅村
71%
29 高知県 3.38 355 95.27 大川村
71%
33 香川県 4.18 2,945 14.21 直島町
71%
35 大阪府 4.77 8,493 5.62 田尻町
71%
100 神奈川県 12.22 18,649 6.55 開成町
71%
30 長野県 3.71 659 56.32 北相木村
67%
34 神奈川県 4.73 6,710 7.05 真鶴町
67%
40 山梨県 5.21 514 101.30 丹波山村
67%
41 長崎県 5.56 2,181 25.50 小値賀町
67%
45 長野県 6.15 931 66.05 南相木村
67%
49 大阪府 6.58 16,573 3.97 忠岡町
67%
58 長野県 7.42 825 89.97 根羽村
67%
59 岡山県 7.77 1,340 57.97 西粟倉村
67%
70 埼玉県 9.16 2,473 37.06 東秩父村
67%
71 福岡県 9.24 2,890 31.98 赤村
67%
84 鹿児島県 10.45 5,076 20.58 与論町
67%
96 長野県 11.91 1,088 109.44 天龍村
67%
5 沖縄県 0.51 664 7.65 粟国村
62%
16 和歌山県 1.65 2,844 5.81 太地町
62%
38 福島県 4.99 3,050 16.37 湯川村
62%
39 奈良県 5.17 334 154.90 野迫川村
62%
42 岡山県 5.58 832 67.11 新庄村
62%
50 三重県 6.63 11,065 5.99 朝日町
62%
55 香川県 7.03 8,294 8.47 琴平町
62%
60 山口県 7.87 2,269 34.69 上関町
62%
67 秋田県 8.97 5,277 17.00 八郎潟町
62%
43 滋賀県 5.61 7,196 7.80 豊郷町
57%
46 山口県 6.18 5,842 10.58 和木町
57%
47 奈良県 6.19 1,296 47.76 曽爾村
57%
66 石川県 8.93 6,099 14.64 川北町
57%
86 愛知県 10.57 4,711 22.43 飛島村
57%
91 奈良県 11.24 1,412 79.58 御杖村
57%
15 高知県 1.61 2,472 6.53 田野町
52%
25 奈良県 2.92 612 47.70 黒滝村
52%
44 山梨県 6.09 4,001 15.22 西桂町
52%
62 高知県 8.29 2,922 28.37 奈半利町
52%
65 滋賀県 8.87 6,511 13.63 甲良町
52%
72 三重県 9.35 5,939 15.74 木曽岬町
52%
76 岡山県 9.73 12,764 7.62 早島町
52%
93 新潟県 11.26 4,286 26.27 刈羽村
52%
95 京都府 11.86 1,914 61.95 伊根町
52%
22 京都府 2.62 1,116 23.52 笠置町
48%
32 福岡県 3.78 6,607 5.72 吉富町
48%
54 佐賀県 6.95 6,044 11.50 大町町
48%
61 和歌山県 8.24 6,452 12.77 美浜町
48%
63 熊本県 8.48 1,395 60.81 産山村
48%
68 徳島県 9.05 2,141 42.28 佐那河内村
48%
69 福島県 9.12 4,822 18.92 中島村
48%
73 長野県 9.55 1,479 64.59 泰阜村
48%
79 岐阜県 9.83 5,847 16.82 富加町
48%
83 沖縄県 10.32 19,930 5.18 与那原町
48%
26 奈良県 3.04 7,056 4.31 安堵町
43%
48 長野県 6.44 1,650 39.05 生坂村
43%
56 福岡県 7.22 5,062 14.26 大任町
43%
74 福岡県 9.57 1,841 51.97 東峰村
43%
75 岐阜県 9.69 18,697 5.18 北方町
43%
80 愛知県 9.84 15,917 6.18 豊山町
43%
87 岐阜県 10.57 8,213 12.87 坂祝町
43%
92 青森県 11.24 1,618 69.46 風間浦村
43%
99 高知県 12.08 1,415 85.37 三原村
43%
36 奈良県 4.80 8,094 5.93 川西町
38%
53 福岡県 6.79 8,448 8.04 糸田町
38%
64 長野県 8.50 2,471 34.38 麻績村
38%
78 北海道 9.83 2,459 39.98 上砂川町
38%
81 京都府 9.94 16,651 5.97 大山崎町
38%
82 福岡県 10.04 7,030 14.28 小竹町
38%
97 北海道 12.04 1,464 82.27 泊村
38%
85 北海道 10.52 2,229 47.18 秩父別町
33%
88 福島県 10.74 1,273 84.37 葛尾村
33%
90 北海道 11.19 757 147.79 神恵内村
33%
94 千葉県 11.30 5,679 19.90 神崎町
33%
No matching quizzes found
Score Distribution
Percent of People with Each Score
Percentile by Number Answered
Your Score History
You have not taken this quiz